LEADER 01679nas 2200373 n 450 001 990008948590403321 005 20240229084428.0 011 $a0070-2463 035 $a000894859 035 $aFED01000894859 035 $a(Aleph)000894859FED01 035 $a000894859 091 $2CNR$aP 00020755 100 $a20161109b19691978km-y0itaa50------ba 101 0 $ager 110 $aauu-------- 200 1 $aCytobiologie 207 1$a1969-1978 210 $aStuttgart$c[s.n.] 440 0$1001000895920$12001$aEuropean journal of cell biology 530 0 $aCytobiologie 675 $a576.3 675 $a576 712 02$aDeutsche Gesellschaft für Elektronenmikroskopie Deutsche Gesellschaft für Zellbiologie 801 0$aIT$bACNP$c20090723 859 4 $uhttp://acnp.cib.unibo.it/cgi-ser/start/it/cnr/dc-p1.tcl?catno=12535&person=false&language=ITALIANO&libr=&libr_th=unina1$zBiblioteche che possiedono il periodico 901 $aSE 912 $a990008948590403321 958 $aBiblioteca. Dipartimento di Scienze biomorfologiche e funzionali. Sezione di Anatomia patologica. Università degli studi di Napoli Federico II$b1969-1978.$fDMAPA 959 $aDMAPA 996 $aCytobiologie$9797611 997 $aUNINA AP1 8 $6866-01$aNA168 Biblioteca. Dipartimento di Scienze biomorfologiche e funzionali. Sezione di Anatomia patologica. Università degli studi di Napoli Federico II$eVia Pansini, 5, 80131 Napoli (NA)$m0817463419/0817463562$m0815469803$nit AP2 40$aacnp.cib.unibo.it$nACNP Italian Union Catalogue of Serials$uhttp://acnp.cib.unibo.it/cgi-ser/start/it/cnr/df-p.tcl?catno=12535&language=ITALIANO&libr=&person=&B=1&libr_th=unina&proposto=NO LEADER 02601nam 2200613 a 450 001 9910172246603321 005 20200520144314.0 010 $a1-134-58859-3 010 $a1-134-58860-7 010 $a1-280-31785-X 010 $a0-203-46546-6 024 7 $a10.4324/9780203465462 035 $a(CKB)1000000000403488 035 $a(EBL)180189 035 $a(OCoLC)50734714 035 $a(SSID)ssj0000104353 035 $a(PQKBManifestationID)11114339 035 $a(PQKBTitleCode)TC0000104353 035 $a(PQKBWorkID)10100292 035 $a(PQKB)11254901 035 $aebr2002699 035 $a(MiAaPQ)EBC180189 035 $a(EXLCZ)991000000000403488 100 $a20010920e20022001 uy 0 101 0 $aeng 135 $aur|n|---||||| 181 $ctxt 182 $cc 183 $acr 200 10$aAnxiety in a risk society /$fIain Wilkinson 210 $aLondon $cRoutledge$d2002 215 $a1 online resource (176 p.) 225 1 $aHealth, risk and society 300 $aDescription based upon print version of record. 311 08$a0-415-22680-5 311 08$a0-415-22681-3 320 $aIncludes bibliographical references and index. 327 $aBook Cover; Title; Contents; Preface; Acknowledgements; Introduction; Towards a sociological conception of the problem of anxiety; Social indicators of anxiety; Coping: from personal style to cultural critique; Anxiety in relation to risk; A speculative age; Conclusion; Notes; References; Index 330 $aFew would dispute that we are living at a time of high anxiety and uncertainty in which many of us will experience a crisis of identity at some point or another. At the same time, news media provide us with a daily catalogue of disasters from around the globe to remind us that we inhabit a world of crisis, insecurity and hazard. Anxiety in a Risk Society : looks at the problem of contemporary anxiety from a sociological perspective highlights its significance for the ways we make sense of risk and uncertainty argues that the relationship between anxiety and risk hinges on the natur 410 0$aHealth, risk and society. 606 $aRisk$xSociological aspects 606 $aAnxiety$xSociological aspects 615 0$aRisk$xSociological aspects. 615 0$aAnxiety$xSociological aspects. 676 $a302.12 686 $a71.49$2bcl 700 $aWilkinson$b Iain$f1969-$01761982 801 0$bMiAaPQ 801 1$bMiAaPQ 801 2$bMiAaPQ 906 $aBOOK 912 $a9910172246603321 996 $aAnxiety in a risk society$94201703 997 $aUNINA LEADER 01135nas 2200397 c 450 001 9910139761303321 005 20260218110335.0 035 $a(CKB)954928504557 035 $a(OCoLC)163443727 035 $a(DE-101)021514747 035 $a(DE-599)ZDB2041189-3 035 $a(DE-599)2041189-3 035 $a(EXLCZ)99954928504557 100 $a20010302a19999999 |y | 101 0 $aeng 135 $aur||||||||||| 181 $ctxt$2rdacontent 182 $cc$2rdamedia 183 $acr$2rdacarrier 200 00$aPeriodica polytechnica$hChemical engineering 210 31$aBudapest$cBudapest University. of Technology and Economics$d1999- 215 $aOnline-Ressource 311 08$a0031-5311 517 1 $aPeriodica polytechnica / Chemical engineering 531 00$aPeriod. Polytech., Chem. Eng. 531 00$aperiod.polytech.ser.chem.engng. 531 00$aPeriod. Polytech. Khim. 608 $aZeitschrift$2gnd-content 676 $a660 801 0$b0355 801 1$bDE-101 801 2$b4022 906 $aJOURNAL 912 $a9910139761303321 996 $aPeriodica polytechnica$92010639 997 $aUNINA